| 000 | 00627nam a22002057a 4500 | ||
|---|---|---|---|
| 999 |
_c175094 _d175094 |
||
| 005 | 20200807103257.0 | ||
| 010 | _aENG-128317 | ||
| 020 |
_c475.00 _a9789352837304 |
||
| 035 | _aEN-111849 | ||
| 037 | _bDBAD/PUB | ||
| 082 | _a547 | ||
| 100 | _aBahi,Arun | ||
| 245 |
_aA Textbook of Organic Chemistry/ _cby Arun Bahl, B S Bahl |
||
| 250 | _a22nd ed. | ||
| 260 |
_aNew Delhi _bS.Chand _c2019 |
||
| 270 |
_aHead Office:7361,Ram Nagar,Qutab Rord _bNew Delhi _e110055 _k23672080 _l91-11-23677446 _minfo@schandpublishing.com |
||
| 300 |
_a1108p. _c24cm(pbk) |
||
| 700 | _aBahl,B S | ||
| 942 |
_2ddc _cEN _h547 _mBAH |
||